Principles of Managerial Finance / Seventh Edition (Record no. 822)
[ view plain ]
| 000 -LEADER | |
|---|---|
| fixed length control field | 01620cam a22002054a 4500 |
| 005 - ΗΜΕΡΟΜΗΝΙΑ ΚΑΙ ΩΡΑ ΤΕΛΕΥΤΑΙΑΣ ΕΝΗΜΕΡΩΣΗΣ | |
| Πεδίο ελέγχου | 20250605163946.0 |
| 008 - FIXED-LENGTH DATA ELEMENTS--GENERAL INFORMATION | |
| Πεδίο ελέγχου σταθερού μήκους | 250528s ||||||||||||||||||||||||d |
| 035 ## - SYSTEM CONTROL NUMBER | |
| System control number | 15228 |
| 020 ## - ISBN | |
| ISBN | 65012771 |
| 040 ## - ΠΗΓΗ ΚΑΤΑΛΟΓΟΓΡΑΦΗΣΗΣ | |
| Φορέας πρωτότυπης καταλογογράφησης | MC Athens Campus Library |
| Γλώσσα καταλογογράφησης | Ελληνικά, Μοντέρνα (1453-) |
| Modifying agency | MC Athens Campus Library |
| Κανόνες περιγραφικής καταλογογράφησης | AACR2 |
| 245 1# - ΤΙΤΛΟΣ ΚΑΙ ΔΗΛΩΣΗ ΥΠΕΥΘΥΝΟΤΗΤΑΣ | |
| Τίτλος | Principles of Managerial Finance / Seventh Edition |
| 250 ## - EDITION STATEMENT | |
| Edition statement | 7th |
| 260 ## - PUBLICATION, DISTRIBUTION, ETC. | |
| Name of publisher, distributor, etc. | Harper Collins Publishers, |
| Date of publication, distribution, etc. | 1994 |
| 300 ## - PHYSICAL DESCRIPTION | |
| Extent | 948 |
| 520 ## - SUMMARY, ETC. | |
| Summary, etc. | This powerful and effective new learning system fully integrates business tools with concepts and many real-world applications. The Goal and Environment of Managerial Finance, The Role of Finance and the Financial Manager, The Operating Environment of the Firm, Financial Statements and Depreciation and Cash Flow, The Analysis of Financial Statements, Basic Financial Concepts, The Time Value of Money, Risk and Return, Valuation, Long-Term Investment Decisions, Capital Budgeting and Cash Flow Principles, Capital Budgeting Techniques: Certainty and Risk and Some Refinements, Cost of Capital and Leverage and Capital Structures, The Cost of Capital, Leverage and Capital Structure, Long-Term Financing Decisions, Long-Term Debt and Investment Banking, Common Stock and Dividend Policy, Preferred Stock and Leasing and Convertibles and Warrants and Options, Short-Term Financial Decisions, Financial Planning, Net Working Capital and Short-Term Financing, Cash and Marketable Securities, Accounts Receivable and Inventory, Special Managerial Finance Topics, Mergers and LBOs and Divestitures and Failure, Index. |
| 700 1# - ΠΡΟΣΘΕΤΗ ΑΝΑΓΡΑΦΗ--ΦΥΣΙΚΟ ΠΡΟΣΩΠΟ | |
| Personal name | Gitman Lawrence J |
| 9 (RLIN) | 1115 |
| 942 ## - ADDED ENTRY ELEMENTS (KOHA) | |
| Koha item type | Books |
| Τύπος τεκμηρίου | Βιβλιοθήκη | Τρέχουσα τοποθεσία | Barcode | Αριθμός εισαγωγής | Ημερομηνία απόκτησης | Ταξιθετικό σύμβολο | Αριθμός αντιτύπου | Κατάσταση απόσυρσης | Κατάσταση χαμένου | Κατάσταση κατεστραμμένου | Μη δανεισμός | Σύνολο δανεισμών | Ημερομηνία τελευταίας εμφάνισης | Η τιμή ισχύει από |
|---|---|---|---|---|---|---|---|---|---|---|---|---|---|---|
| Books | MC Athens Campus Library | MC Athens Campus Library | 9780000008213 | 1465 | 05/06/2025 | 658.15 GIT | 2 | 05/06/2025 | 05/06/2025 |